[Event "Bassano del Grappa op 10"]
[Site "Bassano del Grappa"]
[Date "2020.10.23"]
[Round "1"]
[White "Trangoni, Bruno"]
[Black "Gilevich, Artem"]
[Result "0-1"]
[WhiteElo "1933"]
[BlackElo "2406"]
[PlyCount "54"]
[EventDate "2020.10.23"]
[EventType "swiss"]
[EventRounds "5"]
[EventCountry "ITA"]
[SourceTitle "EXT 2022"]
[Source "ChessBase"]
[SourceDate "2021.10.06"]
[SourceVersion "1"]
[SourceVersionDate "2021.10.06"]
[SourceQuality "1"]

1. Nf3 d5 2. d4 Nf6 3. Bf4 c5 4. e3 Nc6 5. c3 Qb6 6. Qc2 g6 7. Be2 Bf5 8. dxc5 Qxc5 9. Qb3 Na5 10. Qa4+ Bd7 11. Qd4 Qc8 12. Na3 Bg7 13. Nb5 0-0 14. Nxa7 Qd8 15. Ne5 Be8 16. 0-0 Nd7 17. Nb5 Nxe5 18. Bxe5 Nc6 19. Bxg7 Nxd4 20. Bxd4 Bc6 21. Rfd1 Re8 22. Be5 f6 23. Bg3 e5 24. e4 Qb6 25. Nd6 Red8 26. exd5 Rxd6 27. dxc6 Qxc6 0-1

[Event "Caldaro op 4th"]
[Site "Caldaro"]
[Date "2019.10.19"]
[Round "2"]
[White "Trangoni, Bruno"]
[Black "Niederstatter, Harald"]
[Result "0-1"]
[WhiteElo "1933"]
[BlackElo "1952"]
[PlyCount "86"]
[EventDate "2019.10.18"]
[EventType "swiss"]
[EventRounds "5"]
[EventCountry "ITA"]
[SourceTitle "CBM 192 Extra"]
[Source "Chessbase"]
[SourceDate "2019.11.06"]
[SourceVersion "1"]
[SourceVersionDate "2019.11.06"]
[SourceQuality "1"]

1. Nf3 Nf6 2. d4 d6 3. Bf4 Bg4 4. e3 Nbd7 5. Be2 c6 6. c4 Nh5 7. Bg5 Bxf3 8. Bxf3 Qa5+ 9. Nc3 Qxg5 10. Bxh5 Qxg2 11. Bf3 Qg5 12. Qb3 0-0-0 13. Qa4 Kb8 14. Qb3 Nb6 15. a4 d5 16. cxd5 Nxd5 17. Ne4 Qf5 18. Nc5 Qc8 19. a5 e6 20. Qc4 Qc7 21. Ra3 Bxc5 22. Qxc5 Qd6 23. Qc4 Qb4+ 24. Qxb4 Nxb4 25. Rb3 Nd5 26. Kd2 Rd6 27. Rc1 a6 28. Rc4 Rhd8 29. Bg2 Ka7 30. Be4 Nf6 31. Bf3 e5 32. Kc3 exd4+ 33. exd4 Nd5+ 34. Kc2 Rh6 35. Bxd5 Rxd5 36. Rcb4 Rb5 37. Rxb5 axb5 38. Rf3 Rxh2 39. Rxf7 Rg2 40. Kd3 h5 41. Ke3 h4 42. f4 h3 43. Kf3 Rg1 0-1

[Event "Chioggia op-A 11th"]
[Site "Chioggia"]
[Date "2016.10.09"]
[Round "5"]
[White "Zamengo, Fulvio"]
[Black "Trangoni, Bruno"]
[Result "1-0"]
[WhiteElo "2260"]
[BlackElo "1942"]
[PlyCount "31"]
[EventDate "2016.10.07"]
[EventType "swiss"]
[EventRounds "5"]
[EventCountry "ITA"]
[SourceTitle "EXT 2022"]
[Source "ChessBase"]
[SourceDate "2021.10.06"]
[SourceVersion "1"]
[SourceVersionDate "2021.10.06"]
[SourceQuality "1"]

1. e4 d6 2. d4 g6 3. Nc3 Bg7 4. Be3 a6 5. a4 Nf6 6. h3 0-0 7. g4 e5 8. d5 b6 9. Nge2 Bb7 10. Qd2 Nbd7 11. Ng3 Ne8 12. h4 c6 13. dxc6 Bxc6 14. h5 f5 15. hxg6 f4 16. Bc4+ 1-0

[Event "Padova Del Santo op 1st"]
[Site "Padova"]
[Date "2014.02.14"]
[Round "1"]
[White "Del Monaco, Andrea"]
[Black "Trangoni, Bruno"]
[Result "1-0"]
[WhiteElo "2297"]
[BlackElo "2011"]
[PlyCount "71"]
[EventDate "2014.02.14"]
[EventType "swiss"]
[EventRounds "5"]
[EventCountry "ITA"]
[SourceTitle "EXT 2022"]
[Source "ChessBase"]
[SourceDate "2021.10.06"]
[SourceVersion "1"]
[SourceVersionDate "2021.10.06"]
[SourceQuality "1"]

1. d4 g6 2. Nf3 Bg7 3. c4 d6 4. Nc3 Nd7 5. e4 e5 6. Be2 Ne7 7. 0-0 0-0 8. Re1 h6 9. Bf1 Kh7 10. b3 a6 11. dxe5 Nxe5 12. Nxe5 dxe5 13. Ba3 Qxd1 14. Rexd1 Re8 15. Rac1 Nc6 16. Nd5 Rg8 17. Nxc7 Rb8 18. Bd6 b6 19. c5 b5 20. a4 Nd4 21. axb5 axb5 22. b4 Rb7 23. c6 Rb6 24. Nd5 Rxc6 25. Rxc6 Nxc6 26. Bxb5 Nd4 27. Bf1 Bb7 28. b5 Rd8 29. Bc7 Ra8 30. f3 Ra2 31. b6 f5 32. Bc4 Ra4 33. Bd3 fxe4 34. Bxe4 Ne2+ 35. Kf1 Ra2 36. Nb4 1-0

[Event "Venice Autumn op 18th"]
[Site "Venice"]
[Date "2012.11.04"]
[Round "6"]
[White "Trangoni, Bruno"]
[Black "Srebrnic, Vojko"]
[Result "1-0"]
[WhiteElo "2040"]
[BlackElo "2220"]
[PlyCount "171"]
[EventDate "2012.11.01"]
[EventType "swiss"]
[EventRounds "6"]
[EventCountry "ITA"]
[SourceTitle "EXT 2013"]
[Source "ChessBase"]
[SourceDate "2012.11.22"]
[SourceVersion "1"]
[SourceVersionDate "2012.11.22"]
[SourceQuality "1"]

1. Nf3 c5 2. g3 Nc6 3. Bg2 g6 4. c4 Bg7 5. Nc3 d6 6. 0-0 Nf6 7. d3 0-0 8. Bd2 Rb8 9. Qc1 a6 10. Bh6 b5 11. Bxg7 Kxg7 12. cxb5 axb5 13. Ng5 Nd4 14. e3 Ne6 15. Nge4 b4 16. Ne2 Ne8 17. b3 Ba6 18. Qc2 Qb6 19. Rac1 N8c7 20. Rfd1 Nb5 21. Nd2 Bb7 22. Nf3 Rfc8 23. Qb2+ Kg8 24. d4 cxd4 25. Nfxd4 Nexd4 26. exd4 Bxg2 27. Kxg2 Qb7+ 28. Kg1 d5 29. Qd2 Nd6 30. f3 Qb6 31. Kg2 e6 32. Nf4 Nf5 33. Ne2 Ra8 34. g4 Nd6 35. Nf4 Qa5 36. Rxc8+ Nxc8 37. Ra1 Nd6 38. Nd3 Rb8 39. Rc1 Qb6 40. Ne5 Rc8 41. Rxc8+ Nxc8 42. Qf4 Qc7 43. Kg3 Qb7 44. g5 Nd6 45. Ng4 Nf5+ 46. Kh3 Qb6 47. Nf6+ Kg7 48. Qe5 Qd8 49. Nxd5+ Kg8 50. Nf6+ Kh8 51. d5 exd5 52. Nxd5+ Kg8 53. Nf6+ Kf8 54. Nxh7+ Kg8 55. Nf6+ Kf8 56. Nd5 Kg8 57. Nf6+ Kf8 58. Qc5+ Kg7 59. Qe5 Qh8+ 60. Nh5+ Kh7 61. Qxh8+ Kxh8 62. Nf6 Nd4 63. Kg4 Kg7 64. Nd5 Nc6 65. Kf4 Kf8 66. Ke4 Ke8 67. Kd3 Ne5+ 68. Ke4 Nc6 69. Nc7+ Kd7 70. Na6 Kd6 71. f4 Ke6 72. Nc5+ Kd6 73. Nd3 Ke6 74. Ne5 Ne7 75. Nf3 Nd5 76. Nd4+ Kd6 77. Ne2 Kc5 78. Kd3 Ne7 79. Ng3 Nd5 80. f5 Nf4+ 81. Ke4 Nh3 82. fxg6 fxg6 83. Ke5 Nxg5 84. Ne4+ Nxe4 85. Kxe4 Kd6 86. Kd4 1-0

[Event "Modena Province-ch"]
[Site "Modena"]
[Date "2009.12.11"]
[Round "1"]
[White "Trangoni, Bruno"]
[Black "Venturelli, Ester"]
[Result "1-0"]
[WhiteElo "2015"]
[BlackElo "1557"]
[PlyCount "143"]
[EventDate "2009.12.11"]
[EventType "swiss"]
[EventRounds "5"]
[EventCountry "ITA"]
[SourceTitle "EXT 2012"]
[Source "ChessBase"]
[SourceDate "2011.11.24"]
[SourceVersion "1"]
[SourceVersionDate "2011.11.24"]
[SourceQuality "1"]

1. d4 d5 2. Bf4 Nf6 3. Nf3 Nc6 4. e3 Bf5 5. c4 e6 6. Nc3 Be7 7. Qb3 Rb8 8. cxd5 exd5 9. Be2 0-0 10. 0-0 a6 11. Rac1 Na7 12. h3 Nc8 13. Nb5 Bd6 14. Nxc7 Bxf4 15. exf4 Ne7 16. Ne5 Nc6 17. Qb6 Nd7 18. Nxd7 Qxd7 19. Bf3 Be6 20. Nxe6 Qxe6 21. Rfe1 Qd6 22. g3 Qb4 23. Qxb4 Nxb4 24. Rc7 Nxa2 25. Bxd5 Nb4 26. Bxb7 Rfe8 27. Rxe8+ Rxe8 28. d5 Kf8 29. d6 Rd8 30. d7 Ke7 31. Rc4 a5 32. Bc8 Nd5 33. Rc6 Nf6 34. Ra6 Nxd7 35. Bxd7 Rxd7 36. Rxa5 Rb7 37. Ra2 g6 38. Kf1 Rc7 39. b4 Rc1+ 40. Ke2 Rb1 41. Ra7+ Kf6 42. Rb7 Rb2+ 43. Kf3 Rb3+ 44. Kg2 Rb2 45. b5 h6 46. b6 Ke6 47. g4 Kf6 48. h4 Ke6 49. Rb8 Kf6 50. b7 Rb3 51. f3 Rb2+ 52. Kg3 Kg7 53. g5 h5 54. f5 gxf5 55. Kf4 Rb3 56. Ke5 Re3+ 57. Kd4 Rb3 58. Kc5 Rb1 59. f4 Rc1+ 60. Kd6 Rb1 61. Ke5 Rb5+ 62. Kd4 Rb1 63. Rc8 Rxb7 64. Rc5 Rb1 65. Ke5 Rh1 66. Kxf5 Rxh4 67. Rc7 Kf8 68. Ra7 Rh1 69. Kf6 Re1 70. Rxf7+ Kg8 71. g6 Rg1 72. Rc7 1-0

[Event "Noale Szabados Memorial-B 1st"]
[Site "Noale"]
[Date "2008.02.10"]
[Round "4"]
[White "Castellano, Alfonso"]
[Black "Trangoni, Bruno"]
[Result "1/2-1/2"]
[WhiteElo "1936"]
[BlackElo "1972"]
[PlyCount "91"]
[EventDate "2008.02.08"]
[EventType "swiss"]
[EventRounds "5"]
[EventCountry "ITA"]
[SourceTitle "EXT 2022"]
[Source "ChessBase"]
[SourceDate "2021.10.06"]
[SourceVersion "1"]
[SourceVersionDate "2021.10.06"]
[SourceQuality "1"]

1. c4 g6 2. Nc3 Bg7 3. g3 d6 4. Bg2 e5 5. e4 Ne7 6. Nge2 Nbc6 7. d3 0-0 8. 0-0 Be6 9. Be3 h6 10. Nd5 f5 11. f4 a6 12. Rc1 Qd7 13. Qd2 Kh7 14. b4 Nd4 15. Nxd4 exd4 16. Bf2 Nc8 17. b5 a5 18. Qb2 c6 19. bxc6 bxc6 20. Nb6 Nxb6 21. exf5 Bxf5 22. Qxb6 Bxd3 23. Bxc6 Qd8 24. Qxd8 Raxd8 25. Rfd1 Be2 26. Rd2 Rc8 27. Bd5 d3 28. Be4 Rf7 29. Bxd3 Bxd3 30. Rxd3 Rfc7 31. Rxd6 Rxc4 32. Rcd1 Rc2 33. R1d2 h5 34. Rd7 R8c7 35. Rxc2 Rxd7 36. Kg2 Bf8 37. Bb6 Rd5 38. Kf3 Bb4 39. Ke4 Rd1 40. Ke5 Kg8 41. Bd4 Kf7 42. Kd5 Ke7 43. Kc4 Ke6 44. Bc5 Be1 45. Bd4 Kf5 46. Bf2 1/2-1/2

[Event "Noale Szabados Memorial-B 1st"]
[Site "Noale"]
[Date "2008.02.09"]
[Round "2"]
[White "Chiesa, Roberto"]
[Black "Trangoni, Bruno"]
[Result "0-1"]
[WhiteElo "1733"]
[BlackElo "1972"]
[PlyCount "80"]
[EventDate "2008.02.08"]
[EventType "swiss"]
[EventRounds "5"]
[EventCountry "ITA"]
[SourceTitle "EXT 2022"]
[Source "ChessBase"]
[SourceDate "2021.10.06"]
[SourceVersion "1"]
[SourceVersionDate "2021.10.06"]
[SourceQuality "1"]

1. d4 g6 2. e4 Bg7 3. Nc3 d6 4. f4 a6 5. a4 Nf6 6. Nf3 0-0 7. Be2 Nbd7 8. e5 dxe5 9. fxe5 Ne8 10. 0-0 c6 11. Be3 h6 12. Qd2 Kh7 13. h3 Nc7 14. Bc4 Nb6 15. Bb3 Be6 16. Bxe6 Nxe6 17. b3 Qc7 18. a5 Nd5 19. Nxd5 cxd5 20. Rfc1 Rac8 21. c4 Qd7 22. c5 Rc6 23. Rf1 Nc7 24. Nh2 f5 25. exf6 exf6 26. g4 Re6 27. Rae1 Nb5 28. Nf3 Re4 29. Bf4 Rfe8 30. Bh2 f5 31. gxf5 Qxf5 32. Rxe4 Rxe4 33. Qg2 Qe6 34. Be5 Nxd4 35. Bxg7 Ne2+ 36. Kh1 Nf4 37. Qg4 Qxg4 38. hxg4 Kxg7 39. Rd1 Re3 40. Nh4 Rh3+ 0-1

[Event "Ravenna op"]
[Site "Ravenna"]
[Date "2005.10.14"]
[Round "1"]
[White "Trangoni, Bruno"]
[Black "Lagrotteria, Salvatore"]
[Result "1-0"]
[WhiteElo "1946"]
[BlackElo "2214"]
[PlyCount "111"]
[EventDate "2005.10.14"]
[EventType "swiss"]
[EventRounds "5"]
[EventCountry "ITA"]
[SourceTitle "EXT 2007"]
[Source "ChessBase"]
[SourceDate "2006.11.23"]
[SourceVersion "1"]
[SourceVersionDate "2006.11.23"]
[SourceQuality "1"]

1. d4 Nf6 2. Nf3 e6 3. e3 b6 4. Bd3 Bb7 5. Nbd2 c5 6. 0-0 Be7 7. Qe2 0-0 8. c3 d6 9. Re1 Nbd7 10. e4 cxd4 11. cxd4 e5 12. d5 a6 13. b4 a5 14. b5 Nc5 15. Nc4 Qc7 16. Bb2 Rae8 17. Rac1 Nfd7 18. Ne3 Qd8 19. Bb1 g6 20. Nd2 Bg5 21. Ndc4 Nf6 22. Qf3 Bc8 23. Rcd1 Qc7 24. Bc1 Bxe3 25. Bxe3 Ng4 26. Bd2 f5 27. exf5 gxf5 28. h3 e4 29. Qg3 e3 30. Bxe3 Ne4 31. Bxe4 Rxe4 32. Nxd6 f4 33. Bxf4 Rexf4 34. Nxc8 Qxc8 35. d6 Qc5 36. hxg4 Rxf2 37. Kh2 R2f6 38. g5 Rf4 39. d7 Qc7 40. Kh1 Rd8 41. Re8+ Kg7 42. Rxd8 Rf1+ 43. Kh2 Qxg3+ 44. Kxg3 Rxd1 45. Kf4 Kf7 46. Rh8 Ke7 47. Rxh7+ Ke6 48. g6 Kf6 49. g7 Kf7 50. g4 Kg8 51. Rh6 Kxg7 52. Rxb6 Rxd7 53. Ra6 Rd5 54. Kf3 a4 55. b6 Rb5 56. Rxa4 1-0